<?xml version="1.0" encoding="UTF-8"?>
<record
    xmlns:xsi="http://www.w3.org/2001/XMLSchema-instance"
    xsi:schemaLocation="http://www.loc.gov/MARC21/slim http://www.loc.gov/standards/marcxml/schema/MARC21slim.xsd"
    xmlns="http://www.loc.gov/MARC21/slim">

  <leader>02361cam a2200337 i 4500</leader>
  <controlfield tag="001">17655336</controlfield>
  <controlfield tag="003">NUST</controlfield>
  <controlfield tag="005">20230302092030.0</controlfield>
  <controlfield tag="008">130312s2014    mdua     b    001 0 eng  </controlfield>
  <datafield tag="010" ind1=" " ind2=" ">
    <subfield code="a">  2013008136</subfield>
  </datafield>
  <datafield tag="020" ind1=" " ind2=" ">
    <subfield code="a">9780742566507 (cloth : alk. paper)</subfield>
  </datafield>
  <datafield tag="020" ind1=" " ind2=" ">
    <subfield code="a">9780742566514 (pbk. : alk. paper)</subfield>
  </datafield>
  <datafield tag="020" ind1=" " ind2=" ">
    <subfield code="z">9780742566521 (electronic)</subfield>
  </datafield>
  <datafield tag="040" ind1=" " ind2=" ">
    <subfield code="a">DLC</subfield>
    <subfield code="b">eng</subfield>
    <subfield code="c">DLC</subfield>
    <subfield code="e">rda</subfield>
    <subfield code="d">DLC</subfield>
  </datafield>
  <datafield tag="042" ind1=" " ind2=" ">
    <subfield code="a">pcc</subfield>
  </datafield>
  <datafield tag="050" ind1="0" ind2="0">
    <subfield code="a">U21.2</subfield>
    <subfield code="b">.C37 2014</subfield>
  </datafield>
  <datafield tag="082" ind1="0" ind2="0">
    <subfield code="a">327.15, CAS</subfield>
    <subfield code="2">23</subfield>
  </datafield>
  <datafield tag="100" ind1="1" ind2=" ">
    <subfield code="a">Cashman, Greg.</subfield>
    <subfield code="9">109709</subfield>
  </datafield>
  <datafield tag="245" ind1="1" ind2="0">
    <subfield code="a">What causes war? :</subfield>
    <subfield code="b">an introduction to theories of international conflict /</subfield>
    <subfield code="c">Greg Cashman.</subfield>
  </datafield>
  <datafield tag="250" ind1=" " ind2=" ">
    <subfield code="a">Second Edition.</subfield>
  </datafield>
  <datafield tag="264" ind1=" " ind2="1">
    <subfield code="a">Lanham, Maryland :</subfield>
    <subfield code="b">Rowman &amp; Littlefield,</subfield>
    <subfield code="c">[2014]</subfield>
  </datafield>
  <datafield tag="300" ind1=" " ind2=" ">
    <subfield code="a">xii, 605 pages :</subfield>
    <subfield code="b">illustrations ;</subfield>
    <subfield code="c">26 cm</subfield>
  </datafield>
  <datafield tag="336" ind1=" " ind2=" ">
    <subfield code="a">text</subfield>
    <subfield code="2">rdacontent</subfield>
  </datafield>
  <datafield tag="337" ind1=" " ind2=" ">
    <subfield code="a">unmediated</subfield>
    <subfield code="2">rdamedia</subfield>
  </datafield>
  <datafield tag="338" ind1=" " ind2=" ">
    <subfield code="a">volume</subfield>
    <subfield code="2">rdacarrier</subfield>
  </datafield>
  <datafield tag="505" ind1=" " ind2=" ">
    <subfield code="a">Chapter 1: Empirical Theory and the Causes of War (Page-1),Chapter 2: The Individual Level of Analysis, Part I: Human Aggression (Page-12),Chapter 3: The Individual Level of Analysis, Part II: Psychological Explanations for War (Page-49),
Chapter 4: The Substate Level of Analysis: Group Decision Making (Page-115),
Chapter 5: The State Level of Analysis, Part I: Political, Economic, and Demographic Factors (Page-169),Chapter 6: The State Level of Analysis, Part II: Internal Conflicts, Nationalism, and War Weariness (Page-199),Chapter 7: The Dyadic Level of Analysis, Part I: The Nature of Dyads&#x2014;Really Bad Dyads and Pretty Good Dyads (Page-237),Chapter 8: The Dyadic Level of Analysis, Part II: International Interactions (Page-279),Chapter 9: The Dyadic Level of Analysis, Part III: Game Theory, Bargaining, and Deterrence Theory (Page-319),Chapter 10: The International System Level of Analysis, Part I: Realism, Anarchy, and the Balance of Power (Page-371),Chapter 11: The International System Level of Analysis, Part II: Power Dynamics, Cyclical Theories, and Historical-Structural Theories of War (Page-407),Chapter 12: Constructivism: A Digression (Page-461),Chapter 13: Conclusion (Page-477).
</subfield>
  </datafield>
  <datafield tag="650" ind1=" " ind2="0">
    <subfield code="a">War</subfield>
    <subfield code="x">Causes.</subfield>
    <subfield code="9">97132</subfield>
  </datafield>
  <datafield tag="906" ind1=" " ind2=" ">
    <subfield code="a">7</subfield>
    <subfield code="b">cbc</subfield>
    <subfield code="c">orignew</subfield>
    <subfield code="d">1</subfield>
    <subfield code="e">ecip</subfield>
    <subfield code="f">20</subfield>
    <subfield code="g">y-gencatlg</subfield>
  </datafield>
  <datafield tag="942" ind1=" " ind2=" ">
    <subfield code="2">ddc</subfield>
    <subfield code="c">BK</subfield>
  </datafield>
  <datafield tag="999" ind1=" " ind2=" ">
    <subfield code="c">593490</subfield>
    <subfield code="d">593490</subfield>
  </datafield>
  <datafield tag="952" ind1=" " ind2=" ">
    <subfield code="0">0</subfield>
    <subfield code="1">0</subfield>
    <subfield code="2">ddc</subfield>
    <subfield code="4">0</subfield>
    <subfield code="7">0</subfield>
    <subfield code="a">MCS</subfield>
    <subfield code="b">MCS</subfield>
    <subfield code="c">GEN</subfield>
    <subfield code="d">2023-03-02</subfield>
    <subfield code="l">0</subfield>
    <subfield code="o">327.15, CAS</subfield>
    <subfield code="p">MCS37543</subfield>
    <subfield code="r">2023-03-02</subfield>
    <subfield code="w">2023-03-02</subfield>
    <subfield code="y">BK</subfield>
    <subfield code="z">Almirah No.50, Shelf No.1</subfield>
  </datafield>
</record>
